LEADER 01245nam a2200265 a 4500 001 000000163933 003 CaOOAMICUS 005 20171107103618.0 008 171107s1992 it m u000 udita r 032 $aLibriCat 040 $aPUL$bita 100 1 $aColosio, Roberto.$0(OLS)http://pul/name/105334 245 10$aTeleologismo e deontologismo nella letteratura teologico-morale :$bin lingua italiana dal 1975 al 1986 /$cRoberto Colosio, SDB. 260 $aRoma :$b[s.n.],$c1992. 300 $a102 p. ;$c24 cm. 502 $aEstratto da tesi. Università Pontificia Salesiana. Facoltà di teologia. 1992. 504 $aBibliografia in nota a piè pagina. 650 4$aTeleologia.$0(OLS)http://pul/subject/40276 710 2 $aPontificia Università Salesiana.$bFacoltà di teologia.$kTesi.$0(OLS)http://pul/name/12417 850 $aPUL 852 $aPUL$W1$xDP1 Tesi Pon. Univ. Salesiana$y46$mTH SAL 288$j188046$qTesi$B191205$CPULBib$Z2$F191205 $H70275 $82 941 1 $a16 996 $6245$aTeleologismo e deontologismo nella letteratura teologico-morale :$bin lingua italiana dal 1975 al 1986$9(OLS)http://pul/title/203632 996 $6260$aRoma :$b[s.n.]$9(OLS)http://pul/publisher/47958 LEADER 01438naa a2200241 i 4500 001 000000129724 003 CaOOAMICUS 005 20120717152036.0 008 120717s2003 it mb 001 0 spa d 040 $aPUG$bita$dPUL 100 1 $aCasas Garcia, Juan Carlos,$csacerdote,$d1971-$0(OLS)http://pul/name/83056 245 13$aEl agustino fray Pedro de Agurto y su "Tractado de que se deven administrar los sacramentos de la sancta Eucaristia, y Extrema unction: a los indios de esta Nueva Espana" (México 1573) :$bestudio historico y edicion critica de la obra /$cJuan Carlos Casas Garcia. 260 $aRomae :$b[s.n.],$c2003. 300 $a249 p.$c24 cm 502 $aEstratto da Tesi--Pontificia Universitas Gregoriana. Facultas Historiae Ecclesiasticae, 2003. 504 $aBibliografia: pp. 203-246. 710 2 $aPontificia Università Gregoriana.$bFacoltà di storia ecclesiastica.$kTesi.$0(OLS)http://pul/name/11264 850 $aPUL 852 $aPUL$W1$xDP1 Tesi Pon. Univ. Gregoriana$y40$m2003 D 6$j150192$qTesi$B148743$CPULBib$Z2$F148743 $82 941 1 $a16 996 $6245$aEl agustino fray Pedro de Agurto y su "Tractado de que se deven administrar los sacramentos de la sancta Eucaristia, y Extrema unction: a los indios de esta Nueva Espana" (México 1573) :$bestudio historico y edicion critica de la obra$9(OLS)http://pul/title/163973 996 $6260$aRomae :$b[s.n.]$9(OLS)http://pul/publisher/48223